000
00298nam a22001337a 4500
003
OSt
008
240718b |||||||| |||| 00| 0 eng d
082
_a
633.1
_b
G13C
100
_a
Gallagher, E. J.
245
_a
Cereal Production
260
_b
Buttersworth
_c
1984
300
_a
354
942
_2
ddc
_c
BK
999
_c
41786
_d
41786